[Event "Titled Tuesday intern op 20th Dec Early"]
[Site "Chess.com INT"]
[Date "2022.12.20"]
[Round "9"]
[White "Bon, Michael"]
[Black "Farakhov, Rafail"]
[Result "0-1"]
[WhiteElo "2390"]
[BlackElo "2394"]
[PlyCount "134"]
[EventDate "2022.12.20"]
[EventType "swiss (blitz)"]
[EventRounds "11"]
[EventCountry "USA"]
[SourceTitle "EXT 2024"]
[Source "ChessBase"]
[SourceDate "2023.10.10"]
[SourceVersion "1"]
[SourceVersionDate "2023.10.10"]
[SourceQuality "1"]

1. e4 e5 2. Nf3 Nc6 3. Bb5 a6 4. Ba4 Nf6 5. d3 b5 6. Bb3 Be7 7. 0-0 0-0 8. c3 d6 9. Re1 h6 10. Nbd2 Na5 11. Bc2 c5 12. Nf1 Nc6 13. a4 b4 14. Ng3 Re8 15. h3 Bf8 16. Bb3 Be6 17. Bxe6 Rxe6 18. Nh2 d5 19. Qf3 bxc3 20. bxc3 d4 21. c4 Nb4 22. Qe2 Rb8 23. Nf5 Kh7 24. Rf1 g6 25. Ng3 Bd6 26. Nh1 Nh5 27. g3 Re8 28. Ng4 Bf8 29. f4 exf4 30. Bxf4 Nxf4 31. Rxf4 f5 32. Nh2 Bd6 33. Rf2 Qg5 34. Nf3 Qe3 35. Rd1 fxe4 36. dxe4 Rxe4 37. Qf1 Rbe8 38. Kg2 R4e7 39. Re1 Qd3 40. Rxe7+ Rxe7 41. Nh4 Qxf1+ 42. Rxf1 Kg7 43. Nf2 d3 44. Rd1 Re3 45. Ng4 Rxg3+ 46. Kf2 Rxh3 47. Nf3 h5 48. Nge5 Bxe5 49. Nxe5 Rh2+ 50. Kf3 Ra2 51. Ke4 Rxa4 52. Nxd3 Nxd3 53. Kxd3 Ra3+ 54. Ke4 Rg3 55. Ke5 Rg5+ 56. Ke6 h4 57. Rd7+ Kh6 58. Kf6 Rf5+ 59. Ke6 h3 60. Rd3 Rh5 61. Kf6 h2 62. Rd8 Rf5+ 63. Ke6 Kg7 64. Rd7+ Kh6 65. Rd1 Rh5 66. Rh1 Kg5 67. Ke5 Kg4+ 0-1

[Event "Titled Tuesday intern op 20th Dec Early"]
[Site "Chess.com INT"]
[Date "2022.12.20"]
[Round "11"]
[White "Farakhov, Rafail"]
[Black "Gulevich, Artem"]
[Result "1/2-1/2"]
[WhiteElo "2394"]
[BlackElo "2304"]
[PlyCount "71"]
[EventDate "2022.12.20"]
[EventType "swiss (blitz)"]
[EventRounds "11"]
[EventCountry "USA"]
[SourceTitle "EXT 2024"]
[Source "ChessBase"]
[SourceDate "2023.10.10"]
[SourceVersion "1"]
[SourceVersionDate "2023.10.10"]
[SourceQuality "1"]

1. c4 c6 2. Nf3 d5 3. g3 Nf6 4. Bg2 e6 5. b3 Be7 6. Bb2 Nbd7 7. d4 b6 8. 0-0 Bb7 9. Nc3 0-0 10. Qd3 Rc8 11. e4 c5 12. exd5 exd5 13. cxd5 Nxd5 14. Rad1 Nb4 15. Qb1 Qc7 16. d5 Bf6 17. a3 Bxc3 18. d6 Qb8 19. Bxc3 Nd5 20. Ng5 N5f6 21. Bh3 h6 22. Bxd7 hxg5 23. Bxc8 Qxc8 24. Bxf6 gxf6 25. d7 Qc6 26. f3 Rd8 27. Qf5 Kg7 28. Rd2 Qe6 29. Qxe6 fxe6 30. Kf2 Kf7 31. h4 gxh4 32. gxh4 Bd5 33. b4 c4 34. Rg1 Rxd7 35. Ke3 Rd8 36. Rdg2 1/2-1/2

[Event "Titled Tuesday intern op 20th Dec Early"]
[Site "Chess.com INT"]
[Date "2022.12.20"]
[Round "8"]
[White "Farakhov, Rafail"]
[Black "Mekhitarian, Krikor Sevag"]
[Result "1/2-1/2"]
[WhiteElo "2394"]
[BlackElo "2551"]
[PlyCount "198"]
[EventDate "2022.12.20"]
[EventType "swiss (blitz)"]
[EventRounds "11"]
[EventCountry "USA"]
[SourceTitle "EXT 2024"]
[Source "ChessBase"]
[SourceDate "2023.10.10"]
[SourceVersion "1"]
[SourceVersionDate "2023.10.10"]
[SourceQuality "1"]

1. c4 c5 2. g3 g6 3. Bg2 Bg7 4. Nc3 Nc6 5. Nf3 e6 6. h4 h6 7. d4 cxd4 8. Nb5 d5 9. cxd5 Qa5+ 10. Kf1 Qxb5 11. dxc6 Qxc6 12. Nxd4 Qd7 13. Be3 Ne7 14. Nb3 0-0 15. Qxd7 Bxd7 16. Bxb7 Rab8 17. Bf3 Bxb2 18. Rd1 Nd5 19. Bxa7 Ra8 20. Bd4 Bxd4 21. Nxd4 Rxa2 22. Kg2 Nf6 23. Ra1 Rxa1 24. Rxa1 Rb8 25. Ra8 Rxa8 26. Bxa8 Kf8 27. Bf3 Ke7 28. e3 Kd6 29. Kf1 e5 30. Nc2 Ba4 31. Ne1 Bb5+ 32. Be2 Bc6 33. Bf3 Ba4 34. Be2 Ne4 35. Nf3 f5 36. Ke1 Ke6 37. Nd2 Nc3 38. Bc4+ Kf6 39. f4 Bc6 40. Bb3 e4 41. Kf2 Bb5 42. Ke1 Bd3 43. Kf2 Bb5 44. Nc4 Bxc4 45. Bxc4 Na4 46. Bb5 Nc5 47. Ke2 g5 48. hxg5+ hxg5 49. Bc6 g4 50. Bb5 Ne6 51. Bc4 Ng7 52. Ba6 Ke7 53. Bc8 Kd6 54. Ba6 Kc7 55. Bb5 Kb6 56. Bc4 Kc5 57. Ba6 Kd6 58. Bc8 Ke7 59. Ba6 Kf6 60. Bc8 Nh5 61. Kf2 Ng7 62. Bd7 Ke7 63. Bc8 Kd8 64. Ba6 Ne8 65. Ke2 Nd6 66. Kd2 Kc7 67. Kc3 Kb6 68. Be2 Kc5 69. Bf1 Nc8 70. Ba6 Nb6 71. Bf1 Nd5+ 72. Kd2 Kb4 73. Be2 Nb6 74. Ba6 Kb3 75. Bb5 Kb2 76. Ba6 Ka3 77. Bb5 Kb4 78. Be8 Nc4+ 79. Ke2 Nd6 80. Bd7 Kc3 81. Be6 Kc2 82. Bd7 Kc3 83. Be6 Kb4 84. Bd7 Kc5 85. Be6 Kb6 86. Bd7 Kc7 87. Ba4 Nb7 88. Bb3 Kd6 89. Ba4 Nc5 90. Be8 Ke7 91. Bb5 Nb7 92. Ba6 Nc5 93. Bc8 Kf6 94. Kd2 Nd3 95. Ke2 Nb2 96. Kd2 Nc4+ 97. Ke2 Nb6 98. Ba6 Nd5 99. Kf2 Nc3 1/2-1/2

[Event "Titled Tuesday intern op 20th Dec Early"]
[Site "Chess.com INT"]
[Date "2022.12.20"]
[Round "6"]
[White "Farakhov, Rafail"]
[Black "Zhukova, Natalia"]
[Result "1/2-1/2"]
[WhiteElo "2394"]
[BlackElo "2322"]
[PlyCount "41"]
[EventDate "2022.12.20"]
[EventType "swiss (blitz)"]
[EventRounds "11"]
[EventCountry "USA"]
[SourceTitle "EXT 2024"]
[Source "ChessBase"]
[SourceDate "2023.10.10"]
[SourceVersion "1"]
[SourceVersionDate "2023.10.10"]
[SourceQuality "1"]

1. c4 Nf6 2. g3 e6 3. Bg2 d5 4. Nf3 d4 5. 0-0 c5 6. b4 cxb4 7. a3 b3 8. d3 Nc6 9. Nbd2 Be7 10. Nxb3 0-0 11. e3 dxe3 12. Bxe3 e5 13. h3 Bf5 14. d4 exd4 15. Nfxd4 Nxd4 16. Nxd4 Be4 17. Bxe4 Nxe4 18. Qf3 Nd2 19. Bxd2 Qxd4 20. Qxb7 Bf6 21. Rad1 1/2-1/2

[Event "Titled Tuesday intern op 18th Jan"]
[Site "Chess.com INT"]
[Date "2022.01.18"]
[Round "2"]
[White "Weetik, Vjacheslav"]
[Black "Farakhov, Rafail"]
[Result "1-0"]
[WhiteElo "2423"]
[BlackElo "2394"]
[PlyCount "79"]
[EventDate "2022.01.18"]
[EventType "swiss (blitz)"]
[EventRounds "11"]
[EventCountry "USA"]
[SourceTitle "CBM 206 Extra"]
[Source "ChessBase"]
[SourceDate "2022.03.31"]
[SourceVersion "1"]
[SourceVersionDate "2022.03.31"]
[SourceQuality "1"]

1. d4 Nf6 2. Nf3 d5 3. c4 e6 4. g3 Be7 5. Bg2 0-0 6. 0-0 dxc4 7. Na3 Bxa3 8. bxa3 Bd7 9. a4 Bc6 10. Ba3 Re8 11. Qc2 Bd5 12. Rfe1 Nbd7 13. e4 Bc6 14. Nd2 b5 15. axb5 Bxb5 16. Nxc4 Nb6 17. Ne5 Qxd4 18. Bb2 Qd8 19. a4 Ba6 20. a5 Nbd7 21. Nc6 Qc8 22. Ba3 Kh8 23. Red1 e5 24. Ne7 Qd8 25. Nc6 Qc8 26. Bh3 Bb5 27. Rd2 Qb7 28. Rc1 Nf8 29. f3 Ne6 30. Bxe6 fxe6 31. Nxe5 c6 32. Rcd1 a6 33. Bc5 Rac8 34. Qc3 h6 35. g4 Kh7 36. Kg2 Kh8 37. h4 g5 38. hxg5 hxg5 39. Nd7 Qc7 40. Qxf6+ 1-0

[Event "Alushta Summer 4th"]
[Site "Alushta"]
[Date "2004.06.24"]
[Round "10"]
[White "Kargin, Arseny"]
[Black "Farakhov, Rafail"]
[Result "1-0"]
[WhiteElo "2383"]
[BlackElo "2371"]
[PlyCount "141"]
[EventDate "2004.06.17"]
[EventType "tourn"]
[EventRounds "13"]
[EventCountry "UKR"]
[EventCategory "8"]
[SourceTitle "CBM 100 Extra"]
[Source "ChessBase"]
[SourceDate "2004.07.06"]
[SourceVersion "2"]
[SourceVersionDate "2004.07.06"]
[SourceQuality "1"]

1. e4 e6 2. d4 d5 3. Nc3 Nf6 4. Bg5 Bb4 5. e5 h6 6. Bd2 Bxc3 7. bxc3 Ne4 8. Qg4 g6 9. Bd3 Nxd2 10. Kxd2 c5 11. Nf3 Nc6 12. Qf4 Qa5 13. dxc5 Qxc5 14. Nd4 Nxd4 15. Qxd4 Qxd4 16. cxd4 Bd7 17. a4 a6 18. Rhb1 Bc6 19. a5 Kd7 20. f4 h5 21. g3 Kc7 22. h3 Rag8 23. Rb6 Ra8 24. Rab1 Rac8 25. Ke3 Rhd8 26. c3 Kd7 27. Rf1 Ke7 28. Rf2 Rc7 29. Kd2 Rdc8 30. Rf3 Rh8 31. Rb1 Bd7 32. Be2 Rhc8 33. Rh1 Rh8 34. Rg1 Rhc8 35. Bd1 Rb8 36. Bc2 b6 37. Ra1 bxa5 38. Rxa5 Bb5 39. Re3 Bf1 40. g4 hxg4 41. hxg4 Rh8 42. f5 Rh2+ 43. Kc1 gxf5 44. gxf5 exf5 45. Bxf5 Rf2 46. Bh3 Bb5 47. Ra1 Rc6 48. Rg3 Rg6 49. Rxg6 fxg6 50. Bc8 g5 51. Ra3 Rf8 52. Bh3 Bc4 53. Kd2 Rh8 54. Bf5 Rf8 55. Bd3 g4 56. Bxc4 dxc4 57. Rxa6 Rg8 58. Ke3 Rf8 59. Rg6 Rf3+ 60. Ke4 Rxc3 61. Rg7+ Kf8 62. Rxg4 Rc1 63. Kd5 c3 64. Kc4 c2 65. Kc3 Ke7 66. Kd2 Ra1 67. Kxc2 Ke6 68. Rg6+ Kd5 69. Rd6+ Ke4 70. Kd2 Ra3 71. e6 1-0

[Event "Alushta Summer 4th"]
[Site "Alushta"]
[Date "2004.06.23"]
[Round "9"]
[White "Farakhov, Rafail"]
[Black "Kuznetsov, Viktor2222"]
[Result "1/2-1/2"]
[WhiteElo "2371"]
[BlackElo "2375"]
[PlyCount "21"]
[EventDate "2004.06.17"]
[EventType "tourn"]
[EventRounds "13"]
[EventCountry "UKR"]
[EventCategory "8"]
[SourceTitle "CBM 100 Extra"]
[Source "ChessBase"]
[SourceDate "2004.07.06"]
[SourceVersion "2"]
[SourceVersionDate "2004.07.06"]
[SourceQuality "1"]

1. d4 f5 2. g3 Nf6 3. Bg2 g6 4. Nf3 Bg7 5. 0-0 0-0 6. e4 d6 7. Nc3 c6 8. b4 a5 9. b5 Nxe4 10. Nxe4 fxe4 11. Ng5 1/2-1/2

[Event "Alushta Summer 4th"]
[Site "Alushta"]
[Date "2004.06.19"]
[Round "3"]
[White "Farakhov, Rafail"]
[Black "Tishin, Dmitry"]
[Result "1/2-1/2"]
[WhiteElo "2371"]
[BlackElo "2372"]
[PlyCount "58"]
[EventDate "2004.06.17"]
[EventType "tourn"]
[EventRounds "13"]
[EventCountry "UKR"]
[EventCategory "8"]
[SourceTitle "CBM 100 Extra"]
[Source "ChessBase"]
[SourceDate "2004.07.06"]
[SourceVersion "2"]
[SourceVersionDate "2004.07.06"]
[SourceQuality "1"]

1. d4 Nf6 2. c4 e6 3. Nf3 b6 4. a3 Bb7 5. Nc3 d5 6. cxd5 exd5 7. Bg5 Be7 8. Bxf6 Bxf6 9. Qb3 0-0 10. Rd1 c6 11. g3 Nd7 12. Bg2 Re8 13. 0-0 Nf8 14. Rfe1 Ne6 15. e3 c5 16. dxc5 Nxc5 17. Qc2 Rc8 18. Ne2 Qd7 19. Qb1 Qa4 20. Nfd4 Ne4 21. Nf4 g6 22. Qa2 Red8 23. Qb1 a5 24. Nxd5 Bxd5 25. Bxe4 Bb3 26. Nxb3 Qxb3 27. Rd3 Rxd3 28. Qxd3 Qxb2 29. Rb1 Rc1+ 1/2-1/2

[Event "Alushta Summer 4th"]
[Site "Alushta"]
[Date "2004.06.17"]
[Round "1"]
[White "Farakhov, Rafail"]
[Black "Tolstikh, Nikolay"]
[Result "1/2-1/2"]
[WhiteElo "2371"]
[BlackElo "2425"]
[PlyCount "99"]
[EventDate "2004.06.17"]
[EventType "tourn"]
[EventRounds "13"]
[EventCountry "UKR"]
[EventCategory "8"]
[SourceTitle "CBM 100 Extra"]
[Source "ChessBase"]
[SourceDate "2004.07.06"]
[SourceVersion "2"]
[SourceVersionDate "2004.07.06"]
[SourceQuality "1"]

1. e4 c5 2. Nf3 Nc6 3. Nc3 g6 4. Bb5 Bg7 5. 0-0 e5 6. d3 Nge7 7. a3 0-0 8. Rb1 d6 9. b4 Nd4 10. Nxd4 cxd4 11. Ne2 Be6 12. c3 dxc3 13. Nxc3 Rc8 14. Bb2 d5 15. Ba4 d4 16. Ne2 Qd6 17. Bb3 Rc7 18. Rc1 Rfc8 19. Rxc7 Rxc7 20. f4 b5 21. Kh1 Bxb3 22. Qxb3 Qe6 23. Qxe6 fxe6 24. Rc1 Rxc1+ 25. Bxc1 Nc6 26. g3 a5 27. bxa5 Nxa5 28. Bb2 Nb3 29. Kg2 Kf7 30. fxe5 Bxe5 31. Nc1 Nc5 32. Ne2 Nb3 33. Nc1 Na5 34. Ne2 Nc6 35. Kf2 Bf6 36. Nc1 e5 37. Nb3 Be7 38. Bc1 Ke6 39. Ke2 h5 40. h4 Kd7 41. Kd1 Kc7 42. Kc2 b4 43. a4 Kb6 44. Kb2 Ka6 45. Nd2 Na5 46. Nb3 Nb7 47. Kc2 Kb6 48. Bd2 Ka6 49. Be1 Kb6 50. Bd2 1/2-1/2

[Event "Pardubice opB"]
[Site "Pardubice"]
[Date "2004.??.??"]
[Round "3"]
[White "Farakhov, Rafail"]
[Black "Chernyshov, Konstantin"]
[Result "1/2-1/2"]
[WhiteElo "2371"]
[BlackElo "2585"]
[PlyCount "61"]
[EventDate "2004.07.??"]
[EventType "swiss"]
[EventRounds "7"]
[EventCountry "CZE"]
[SourceTitle "EXT 2005"]
[Source "ChessBase"]
[SourceDate "2004.11.15"]
[SourceVersion "1"]
[SourceVersionDate "2004.11.15"]
[SourceQuality "1"]

1. e4 g6 2. d4 Bg7 3. Nc3 a6 4. Be3 b5 5. Qd2 Bb7 6. f3 d6 7. h4 Nd7 8. h5 c5 9. a4 Qa5 10. Nge2 Rc8 11. Nc1 b4 12. Nd1 Qc7 13. d5 gxh5 14. Rxh5 Ngf6 15. Rh1 h5 16. Ne2 Ne5 17. Nf4 Kd7 18. c3 bxc3 19. Nxc3 Rb8 20. a5 Kd8 21. b4 Ned7 22. b5 Qc8 23. b6 Ne5 24. Rd1 Ke8 25. Be2 Kf8 26. Kf1 Qd7 27. Rh3 Rd8 28. Rh1 Kg8 29. Rh3 Kf8 30. Rh1 Kg8 31. Rh3 1/2-1/2

[Event "Pardubice opB"]
[Site "Pardubice"]
[Date "2004.??.??"]
[Round "7"]
[White "Farakhov, Rafail"]
[Black "Maslak, Konstantin"]
[Result "1/2-1/2"]
[WhiteElo "2371"]
[BlackElo "2460"]
[PlyCount "154"]
[EventDate "2004.07.??"]
[EventType "swiss"]
[EventRounds "7"]
[EventCountry "CZE"]
[SourceTitle "EXT 2005"]
[Source "ChessBase"]
[SourceDate "2004.11.15"]
[SourceVersion "1"]
[SourceVersionDate "2004.11.15"]
[SourceQuality "1"]

1. d4 d6 2. e4 Nf6 3. Nc3 Nbd7 4. Nf3 e5 5. Bc4 Be7 6. 0-0 0-0 7. Re1 c6 8. a4 b6 9. d5 cxd5 10. Nxd5 Bb7 11. b3 Nc5 12. Nxf6+ Bxf6 13. Bd5 Bxd5 14. Qxd5 Qd7 15. Ba3 Rac8 16. Rad1 Rfd8 17. h3 a6 18. Rd2 Be7 19. Red1 Qc7 20. Bxc5 bxc5 21. Rd3 Qb8 22. Nd2 c4 23. Rf3 cxb3 24. Qxf7+ Kh8 25. cxb3 Qb7 26. Rg3 g6 27. Nc4 Rf8 28. Nxd6 Rxf7 29. Nxb7 Rc2 30. Rf3 Rxf3 31. gxf3 Rb2 32. Nd6 Bh4 33. Nc4 Rxb3 34. Nxe5 Rb2 35. Nd3 Ra2 36. f4 Rxa4 37. e5 Rd4 38. Kf1 a5 39. Ke2 Rd8 40. Ra1 Ra8 41. Ra4 Bd8 42. Ke3 Bb6+ 43. Ke4 Kg7 44. f5 gxf5+ 45. Kxf5 Bxf2 46. Nxf2 Rf8+ 47. Ke6 Rxf2 48. Rxa5 h5 49. Ra3 Rg2 50. Kd7 Rd2+ 51. Ke7 Kg6 52. e6 Re2 53. Rf3 Re1 54. Kd7 Rd1+ 55. Ke8 Ra1 56. e7 Ra8+ 57. Kd7 Ra7+ 58. Kd6 Ra6+ 59. Kd5 Ra5+ 60. Kd4 Ra4+ 61. Kd3 Ra3+ 62. Ke2 Ra2+ 63. Kf1 Ra1+ 64. Kf2 Ra2+ 65. Ke3 Ra3+ 66. Kd4 Ra4+ 67. Kc5 Ra5+ 68. Kc6 Ra6+ 69. Kc7 Ra7+ 70. Kd8 Ra8+ 71. Kd7 Ra7+ 72. Ke6 Ra6+ 73. Ke5 Ra5+ 74. Kd4 Ra4+ 75. Kd3 Ra3+ 76. Kc2 Ra2+ 77. Kd1 Ra1+ 1/2-1/2

[Event "Noyabrsk Fakel Jamala"]
[Site "Noyabrsk"]
[Date "2003.11.27"]
[Round "10"]
[White "Baklan, Vladimir"]
[Black "Farakhov, Rafail"]
[Result "1-0"]
[WhiteElo "2600"]
[BlackElo "2383"]
[PlyCount "75"]
[EventDate "2003.11.18"]
[EventType "tourn"]
[EventRounds "11"]
[EventCountry "RUS"]
[EventCategory "10"]
[SourceTitle "CBM 099"]
[Source "ChessBase"]
[SourceDate "2004.03.30"]
[SourceVersion "1"]
[SourceVersionDate "2004.03.30"]
[SourceQuality "1"]

1. e4 c5 2. Nf3 Nc6 3. c3 d5 4. exd5 Qxd5 5. d4 e6 6. Na3 Nf6 7. Nb5 Qd8 8. dxc5 Bxc5 9. Qxd8+ Kxd8 10. b4 Bb6 11. Nd6 Ke7 12. Nc4 Bc7 13. b5 Nd8 14. Ba3+ Ke8 15. Nd6+ Bxd6 16. Bxd6 b6 17. Nd2 Nb7 18. Ba3 Bd7 19. Be2 Rc8 20. c4 Nc5 21. f3 Ke7 22. Nb3 Rhd8 23. Nxc5 bxc5 24. Bb2 Be8 25. Kf2 Rd2 26. Bc3 Rc2 27. Rhc1 Rxc1 28. Rxc1 g6 29. a4 Nd7 30. f4 f6 31. a5 e5 32. fxe5 Nxe5 33. Bxe5 fxe5 34. Bf3 Bd7 35. Re1 Kf6 36. Rd1 Bf5 37. Bb7 Rc7 38. a6 1-0

[Event "Noyabrsk Fakel Jamala"]
[Site "Noyabrsk"]
[Date "2003.11.24"]
[Round "7"]
[White "Farakhov, Rafail"]
[Black "Itkis, Boris"]
[Result "1/2-1/2"]
[WhiteElo "2383"]
[BlackElo "2476"]
[PlyCount "74"]
[EventDate "2003.11.18"]
[EventType "tourn"]
[EventRounds "11"]
[EventCountry "RUS"]
[EventCategory "10"]
[SourceTitle "CBM 099"]
[Source "ChessBase"]
[SourceDate "2004.03.30"]
[SourceVersion "1"]
[SourceVersionDate "2004.03.30"]
[SourceQuality "1"]

1. e4 c5 2. Nf3 d6 3. d4 cxd4 4. Nxd4 Nf6 5. Nc3 Nc6 6. Bg5 e6 7. Qd2 a6 8. 0-0-0 Nxd4 9. Qxd4 Be7 10. f4 b5 11. Bxf6 gxf6 12. e5 d5 13. f5 fxe5 14. Qxe5 Bf6 15. Qg3 Bd7 16. fxe6 fxe6 17. Be2 Qb8 18. Bh5+ Kd8 19. Qf3 Rf8 20. Kb1 Bg7 21. Qh3 Qd6 22. Bg4 Rc8 23. Rd3 b4 24. Nd1 Ba4 25. Rd2 Qf4 26. Re2 Bh6 27. Ne3 Bg7 28. Qh4+ Bf6 29. Qg3 Qxg3 30. hxg3 Rc6 31. b3 Bb5 32. Rf2 d4 33. Nc4 Bxc4 34. bxc4 Rxc4 35. Bxe6 Rc7 36. Rhf1 Ke7 37. Bb3 Rc6 1/2-1/2

[Event "Czechia op"]
[Site "Czech Republic"]
[Date "2003.??.??"]
[Round "3.1"]
[White "Farakhov, Rafail"]
[Black "Moroz, Alexander"]
[Result "1/2-1/2"]
[WhiteElo "2392"]
[BlackElo "2519"]
[PlyCount "58"]
[EventDate "2003.??.??"]
[EventType "swiss"]
[EventRounds "4"]
[EventCountry "CZE"]
[SourceTitle "EXT 2005"]
[Source "ChessBase"]
[SourceDate "2004.11.15"]
[SourceVersion "1"]
[SourceVersionDate "2004.11.15"]
[SourceQuality "1"]

1. e4 c5 2. Nf3 Nc6 3. Nc3 e5 4. Bc4 Be7 5. d3 Nf6 6. Ng5 0-0 7. f4 exf4 8. Bxf4 d5 9. exd5 Nb4 10. 0-0 Bg4 11. Qd2 Nbxd5 12. Nxd5 Nxd5 13. Ne4 Bh5 14. Kh1 Kh8 15. Bg5 f6 16. Bh4 Qd7 17. Rae1 Bg6 18. Qf2 b6 19. a3 Rfe8 20. Ng3 Bf8 21. Qf3 Nc7 22. Nh5 Rxe1 23. Rxe1 Re8 24. Rxe8 Qxe8 25. Nf4 Bf7 26. Bxf7 Qxf7 27. Bg3 g5 28. Nh5 Ne8 29. Be5 Be7 1/2-1/2

[Event "RUS-ch U20"]
[Site "Vladimir"]
[Date "2002.03.08"]
[Round "7"]
[White "Utnasunov, Alexander"]
[Black "Farakhov, Rafail"]
[Result "1/2-1/2"]
[WhiteElo "2301"]
[BlackElo "2307"]
[PlyCount "94"]
[EventDate "2002.03.01"]
[EventType "swiss"]
[EventRounds "11"]
[EventCountry "RUS"]
[SourceTitle "CBM 087 Extra"]
[Source "ChessBase"]
[SourceDate "2002.05.03"]
[SourceVersion "2"]
[SourceVersionDate "2002.08.09"]
[SourceQuality "1"]

1. d4 Nf6 2. c4 c5 3. d5 e6 4. Nc3 exd5 5. cxd5 d6 6. e4 g6 7. Nge2 Bg7 8. Ng3 0-0 9. Be2 a6 10. a4 Re8 11. 0-0 h5 12. Bg5 Qc7 13. Qd2 Nbd7 14. Bh6 Bh8 15. f4 h4 16. Nh1 Nxe4 17. Nxe4 Rxe4 18. Bd3 Bd4+ 19. Nf2 Re3 20. Kh1 f5 21. Rae1 Rxe1 22. Rxe1 Nf6 23. Bg5 Bd7 24. Bxh4 Re8 25. g4 Rxe1+ 26. Qxe1 Bc8 27. gxf5 gxf5 28. Bxf6 Bxf6 29. Ng4 Qe7 30. Qxe7 Bxe7 31. Bxf5 Bxf5 32. Nh6+ Kh7 33. Nxf5 Bf8 34. Kg2 Kg6 35. Ne3 b5 36. axb5 axb5 37. Kf3 c4 38. Ke4 Bg7 39. Nf5 Bxb2 40. Nxd6 c3 41. Kd3 Bc1 42. f5+ Kf6 43. Kxc3 Ke5 44. Nxb5 Kxd5 45. Nd4 Ke5 46. Ne2 Kxf5 47. Nxc1 Kg4 1/2-1/2

[Event "RUS-ch U20"]
[Site "Vladimir"]
[Date "2002.03.05"]
[Round "5"]
[White "Geller, Jakov"]
[Black "Farakhov, Rafail"]
[Result "1/2-1/2"]
[WhiteElo "2417"]
[BlackElo "2307"]
[PlyCount "95"]
[EventDate "2002.03.01"]
[EventType "swiss"]
[EventRounds "11"]
[EventCountry "RUS"]
[SourceTitle "CBM 087 Extra"]
[Source "ChessBase"]
[SourceDate "2002.05.03"]
[SourceVersion "2"]
[SourceVersionDate "2002.08.09"]
[SourceQuality "1"]

1. e4 e5 2. Nf3 Nc6 3. Bb5 a6 4. Ba4 Nf6 5. 0-0 Be7 6. Bxc6 dxc6 7. d3 Nd7 8. Nbd2 0-0 9. Nc4 f6 10. Nh4 Nc5 11. Nf5 Bxf5 12. exf5 Qd7 13. Qf3 Rfe8 14. Be3 Qd5 15. Nd2 Qxf3 16. Nxf3 e4 17. dxe4 Nxe4 18. Nd4 Nc5 19. b4 Nd7 20. a3 Bd6 21. Ne6 Nf8 22. Nc5 b6 23. Nd3 Re4 24. Rac1 Nd7 25. c4 c5 26. Rfd1 a5 27. bxc5 bxc5 28. Re1 Rb8 29. f3 Ree8 30. Bf4 Rxe1+ 31. Rxe1 Rb3 32. Bxd6 cxd6 33. Re7 Rxd3 34. Rxd7 Rxa3 35. Rxd6 Rc3 36. Ra6 h6 37. Rxa5 Rxc4 38. Ra8+ Kh7 39. Rc8 Rc2 40. h4 h5 41. Kh2 Rc4 42. Kg3 Rc2 43. Re8 Rd2 44. Rc8 Rd5 45. Kf4 Rd4+ 46. Ke3 Rxh4 47. Rxc5 Ra4 48. Rc7 1/2-1/2

[Event "RUS-ch U20"]
[Site "Vladimir"]
[Date "2002.03.03"]
[Round "3"]
[White "Klyashtorny, Vladislav"]
[Black "Farakhov, Rafail"]
[Result "0-1"]
[WhiteElo "2327"]
[BlackElo "2307"]
[PlyCount "87"]
[EventDate "2002.03.01"]
[EventType "swiss"]
[EventRounds "11"]
[EventCountry "RUS"]
[SourceTitle "CBM 087 Extra"]
[Source "ChessBase"]
[SourceDate "2002.05.03"]
[SourceVersion "2"]
[SourceVersionDate "2002.08.09"]
[SourceQuality "1"]

1. d4 Nf6 2. c4 g6 3. Nc3 Bg7 4. e4 d6 5. Nf3 0-0 6. Be2 e5 7. 0-0 Nh5 8. Re1 Nf4 9. Bf1 Bg4 10. d5 f5 11. Re3 Nd7 12. h3 Bh5 13. g3 Nc5 14. exf5 gxf5 15. gxf4 e4 16. Be2 exf3 17. Bxf3 Bg6 18. Bg2 a6 19. Rb1 Qh4 20. b4 Ne4 21. Nxe4 fxe4 22. Rg3 e3 23. Rb3 Qxf4 24. Bxe3 Qxc4 25. Rg4 Qc2 26. Qxc2 Bxc2 27. Rc3 Bf5 28. Rg5 Rf7 29. Bd4 Bg6 30. Bxg7 Kxg7 31. h4 Kh6 32. Rg4 Re8 33. f3 Re1+ 34. Kf2 Rd1 35. Rg5 Rd4 36. Kg3 Rxb4 37. Rb3 Rxb3 38. axb3 Re7 39. Kg4 Re2 40. Bh3 Bb1 41. Kf4 Rh2 42. Kg3 Rb2 43. Kf4 Rxb3 44. h5 0-1

[Event "Chigorin Memorial 08th"]
[Site "St Petersburg"]
[Date "2000.11.10"]
[Round "9"]
[White "Farakhov, Rafail"]
[Black "Zhelnin, Vladimir V"]
[Result "1/2-1/2"]
[WhiteElo "2288"]
[BlackElo "2462"]
[PlyCount "189"]
[EventDate "2000.10.31"]
[EventType "swiss"]
[EventRounds "9"]
[EventCountry "RUS"]
[SourceTitle "EXT 2001"]
[Source "ChessBase"]
[SourceDate "2000.11.22"]
[SourceVersion "1"]
[SourceVersionDate "2000.11.22"]
[SourceQuality "1"]

1. e4 c5 2. Nf3 d6 3. d4 cxd4 4. Nxd4 Nf6 5. Nc3 a6 6. f3 e5 7. Nb3 Be6 8. Be3 Nbd7 9. g4 h6 10. Qd2 Rc8 11. 0-0-0 Nb6 12. h4 Nfd7 13. g5 hxg5 14. Bxg5 Qc7 15. Kb1 Nc4 16. Bxc4 Bxc4 17. h5 b5 18. Rh2 Nb6 19. Be3 Na4 20. Nd5 Bxd5 21. exd5 Be7 22. Na5 Bf6 23. Nc6 Nb6 24. Bxb6 Qxb6 25. h6 g6 26. f4 e4 27. Qb4 Kd7 28. Qxe4 Rce8 29. Qb4 Rh7 30. a3 Re3 31. Re1 Rh8 32. Rhe2 Rxe2 33. Rxe2 Qg1+ 34. Re1 Qg2 35. Qb3 Qf2 36. Qh3+ Kc7 37. Rf1 Rxh6 38. Qd3 Qg2 39. Nb4 Rh3 40. Qd1 a5 41. Nd3 Qxd5 42. Qd2 Kb6 43. Qe2 Rh8 44. Rd1 Rh1 45. Rxh1 Qxh1+ 46. Ka2 Qc6 47. Kb1 Kb7 48. Qe1 Bd8 49. Qe3 Kc8 50. Qd4 Bb6 51. Qh8+ Kd7 52. Qh3+ Kc7 53. Qh4 Qe4 54. Qg5 Kc6 55. Qf6 Qe6 56. Qg5 Bc7 57. Qg1 Qd5 58. Qg4 Qf5 59. Qg2+ Kd7 60. Qd2 f6 61. Qc3 g5 62. fxg5 fxg5 63. Qg7+ Kc6 64. Qh8 g4 65. Qa8+ Kd7 66. Qg2 Qf3 67. Qxf3 gxf3 68. Kc1 Ke6 69. Kd2 Bb6 70. Ke1 Kf5 71. Kd2 Ke4 72. Ke1 Bd4 73. Kd2 Be3+ 74. Ke1 Bg5 75. Nf2+ Ke3 76. Nd1+ Kf4 77. Nc3 Kg3 78. Kf1 Bc1 79. Ne4+ Kf4 80. Nxd6 Bxb2 81. Nxb5 a4 82. c4 Ke4 83. Kf2 Bf6 84. Nd6+ Kf4 85. Nb5 Ke4 86. Nd6+ Kd4 87. Kxf3 Be5 88. Ne4 Kxc4 89. Ke3 Bb2 90. Nd2+ Kc3 91. Ne4+ Kc4 92. Nd2+ Kc5 93. Nb1 Kc4 94. Nd2+ Kc3 95. Ne4+ 1/2-1/2

[Event "Chigorin Memorial 08th"]
[Site "St Petersburg"]
[Date "2000.11.08"]
[Round "7"]
[White "Farakhov, Rafail"]
[Black "Beshukov, Sergei"]
[Result "1-0"]
[WhiteElo "2288"]
[BlackElo "2428"]
[PlyCount "57"]
[EventDate "2000.10.31"]
[EventType "swiss"]
[EventRounds "9"]
[EventCountry "RUS"]
[SourceTitle "EXT 2001"]
[Source "ChessBase"]
[SourceDate "2000.11.22"]
[SourceVersion "1"]
[SourceVersionDate "2000.11.22"]
[SourceQuality "1"]

1. e4 c5 2. Nf3 Nc6 3. Nc3 e6 4. d4 cxd4 5. Nxd4 Qc7 6. Be2 a6 7. 0-0 Nf6 8. Kh1 Nxd4 9. Qxd4 Bc5 10. Qd3 b5 11. f4 h5 12. e5 Ng4 13. Bf3 Bb7 14. Ne4 Be7 15. b3 Rc8 16. Nd6+ Bxd6 17. exd6 Qb6 18. Bxb7 Qxb7 19. Bb2 f6 20. h3 Nh6 21. Qg6+ Kf8 22. f5 e5 23. Bxe5 Rxc2 24. Bxf6 gxf6 25. Rae1 Nf7 26. Re7 Qd5 27. Rfe1 Rc8 28. Qxf6 Rg8 29. Re8+ 1-0